Карта положения войск группы армий "Центр" вермахта к исходу 25 октября 1941 г.

RUSMARC
00005220cem0a2200373#x 450
001297869ca-29c1-4b82-8c30-6d9d6b42b753
00520230310154047.0
100##$a20230310j19411025k###0rusy50 ca
1010#$ager
102##$aDE
120##$abyy##########
121##$aa##aаbb#a
1220#$ad19411025##
1231#$aa
$b1000000
124##$bd
2001#$aКарта положения войск группы армий "Центр" вермахта к исходу 25 октября 1941 г.
$j25 октября 1941 г.
251##$cДокумент
300##$aПодлинник
300##$aМасштаб 1:1 000 000
300##$aНа немецком языке
461#0$12001
$aФ. 500
$1251
$cФонд
$1852
$j500
462#0$12001
$aОп. 100
$1251
$cОпись
$1852
$j100
60102$2nlr_sh
$3RU\NLR\AUTH\661544081
$a"Центр", группа армий
$cГермания
$xБоевые действия
$yВосточный фронт
$z1941
$jКарты
605##$2prlib_sh
$3LIBNET\UAF\0000088514
$aВторая мировая война в архивных документах (Комплекс оцифрованных архивных документов, кино- и фотоматериалов)
$lколлекция
6061#$2nlr_sh
$3RU\NLR\AUTH\661398676
$aВеликая Отечественная война
$z1941 - 1945
$xПервый период
$jКарты
6061#$2nlr_sh
$3RU\NLR\AUTH\661319820
$aБитва под Москвой
$z1941 - 1942
$jКарты
608##$2prlib_sh
$3LIBNET\UAF\0000074054
$aТопографические карты
686##$a63.3(2)622,11я64
$vLBC/M
$2rubbk
686##$a63.3(2Рос-4Мос)622я64
$vLBC/M
$2rubbk
801#0$aRU
$bПБ им. Б.Н. Ельцина
$c20230310
801#1$aRU
$bПБ им. Б.Н. Ельцина
$c20230310
$2rusmarc
801#2$aRU
$bПБ им. Б.Н. Ельцина
$c20230310
$2rusmarc
850##$aЦентральный архив Министерства обороны Российской Федерации
852##$aЦА МО РФ
$jД. 1488
035##$aLIBNET\0001314857
937##$d183835264
$hФедеральное архивное агентство
8564#$uhttp://readingroom.main.prlib.ru/item.aspx?id_node=n183835264&mode=full
Формат отображения